[Event "zonal 2.5 (w)"]
[Site "Asuncion PAR"]
[Date "2009.06.16"]
[Round "9"]
[White "Fernandez, Maria Florencia"]
[Black "Zuriel, Marisa"]
[Result "0-1"]
[WhiteElo "2105"]
[BlackElo "2201"]
[EventDate "2009.06.10"]
[PlyCount "76"]

1.d4 Nf6 2.c4 g6 3.Nc3 Bg7 4.Nf3 d6 5.g3 O-O 6.Bg2 Nc6 7.O-O a6 8.Qd3 Nd7 
9.Be3 e5 10.d5 Ne7 11.Bd2 h6 12.e4 f5 13.b4 f4 14.Bh3 Nc5 15.bxc5 Bxh3 16.
Rfb1 b6 17.cxb6 cxb6 18.Rb3 g5 19.Na4 Nc8 20.Nxb6 Nxb6 21.Ba5 Rb8 22.Rab1 
Qf6 23.Bxb6 fxg3 24.fxg3 Bg4 25.Rf1 Bxf3 26.c5 g4 27.c6 Qg6 28.c7 Rbc8 29.
Rb4 h5 30.Qxa6 h4 31.Bf2 hxg3 32.Bxg3 Rxc7 33.Qb6 Rc2 34.Rf2 Rc1+ 35.Rf1 
Rxf1+ 36.Kxf1 Bxe4+ 37.Ke1 Bxd5 38.a4 Qd3 0-1

[Event "zonal 2.5 (w)"]
[Site "Asuncion PAR"]
[Date "2009.06.16"]
[Round "9"]
[White "Lujan, Carolina"]
[Black "Perez Canete, Dalila"]
[Result "1-0"]
[WhiteElo "2324"]
[BlackElo "1620"]
[EventDate "2009.06.10"]
[PlyCount "53"]

1.e4 e6 2.Qe2 Be7 3.g3 d5 4.d3 dxe4 5.dxe4 Nc6 6.Nf3 Nf6 7.e5 Nd7 8.Bg2 
O-O 9.O-O b6 10.Nc3 a5 11.Rd1 Bb7 12.h4 h6 13.Bf4 Bc5 14.Ne4 Qe7 15.Re1 
Rae8 16.h5 f6 17.Nxc5 Nxc5 18.Rad1 Ba8 19.Nh4 fxe5 20.Ng6 Qf7 21.Bxc6 Bxc6
22.Nxe5 Qf6 23.Nxc6 Na4 24.c3 Rf7 25.Ne5 Rfe7 26.Ng6 Rf7 27.Qb5 1-0

[Event "zonal 2.5 (w)"]
[Site "Asuncion PAR"]
[Date "2009.06.16"]
[Round "9"]
[White "Vargas Talavera, Gabriela"]
[Black "Colombo Sere, Camila"]
[Result "0-1"]
[WhiteElo "2090"]
[BlackElo "2090"]
[EventDate "2009.06.10"]
[PlyCount "96"]

1.d4 Nf6 2.c4 g6 3.Nc3 Bg7 4.e4 d6 5.f3 O-O 6.Be3 a6 7.Bd3 Nbd7 8.Nge2 c5 
9.Qd2 cxd4 10.Nxd4 Ne5 11.Be2 Be6 12.Nd5 Nfd7 13.f4 Nc6 14.O-O Nc5 15.Nc3 
Bd7 16.e5 Nxd4 17.Bxd4 Ne6 18.Bf3 Nxd4 19.Qxd4 Bc6 20.Qe3 Bxf3 21.Rxf3 
dxe5 22.fxe5 Qc7 23.e6 Qxc4 24.exf7+ Rxf7 25.Ne2 Raf8 26.Rxf7 Qxf7 27.Ng3 
Qd5 28.Qxe7 Bxb2 29.Re1 Bd4+ 30.Kh1 Bf2 31.Rf1 Rf7 32.Qe8+ Kg7 33.Ne4 Bd4 
34.Rxf7+ Qxf7 35.Qxf7+ Kxf7 36.Nd6+ Ke6 37.Nxb7 Bb6 38.a4 a5 39.g4 h6 40.
Kg2 Kd7 41.Kg3 Ke7 42.Nxa5 Bxa5 43.Kf4 Kd6 44.h4 Kd5 45.h5 Bd2+ 46.Kg3 g5 
47.Kf3 Kd4 48.Ke2 Ba5 0-1

[Event "zonal 2.5 (w)"]
[Site "Asuncion PAR"]
[Date "2009.06.17"]
[Round "10"]
[White "Avalos, Leticia"]
[Black "Lujan, Carolina"]
[Result "0-1"]
[WhiteElo "1670"]
[BlackElo "2324"]
[EventDate "2009.06.10"]
[PlyCount "108"]

1.Nf3 Nf6 2.c4 e6 3.d4 c5 4.e3 a6 5.Nc3 d5 6.a4 Nc6 7.cxd5 exd5 8.Be2 Bd6 
9.dxc5 Bxc5 10.O-O O-O 11.b3 Qd6 12.Bb2 Bg4 13.Nh4 Be6 14.Nf3 Rfe8 15.Nd4 
Nxd4 16.exd4 Ba7 17.Bf3 Rac8 18.Qd3 h6 19.Rfe1 Qd7 20.g3 Bf5 21.Qd2 Ne4 
22.Nxe4 dxe4 23.Bd1 Red8 24.g4 Bg6 25.Rc1 Rxc1 26.Bxc1 Bxd4 27.Qf4 Re8 28.
g5 hxg5 29.Qxg5 Bf6 30.Qe3 Be5 31.Kh1 Rc8 32.Bd2 Bd4 33.Qg3 Qd5 34.Kg1 Rd8
35.Bf4 Qc5 36.Rf1 Re8 37.Bd6 Qc6 38.Bf4 Bf5 39.Bh5 g6 40.Bd1 Qc3 41.Qg5 
Bf6 42.Qg3 Bh3 43.Qxc3 Bxc3 44.Bc2 Bxf1 45.Kxf1 f5 46.Bg5 Kf7 47.Kg2 Ke6 
48.Be3 Ke5 49.Kg3 Bd4 50.Bf4+ Kf6 51.h4 Be5 52.Bxe5+ Kxe5 53.Bd1 Rc8 54.
Be2 Rc3+ 0-1

[Event "zonal 2.5 (w)"]
[Site "Asuncion PAR"]
[Date "2009.06.17"]
[Round "10"]
[White "Colombo Sere, Camila"]
[Black "Quinones Mena, Jeannette"]
[Result "1/2-1/2"]
[WhiteElo "2090"]
[BlackElo "2020"]
[EventDate "2009.06.10"]
[PlyCount "73"]

1.d4 Nf6 2.c4 g6 3.Nc3 Bg7 4.e4 d6 5.f3 O-O 6.Bg5 Nbd7 7.Qd2 e5 8.d5 a5 9.
O-O-O Nc5 10.h4 Qe8 11.h5 Bd7 12.Bh6 Rb8 13.hxg6 fxg6 14.Bxg7 Kxg7 15.Qh6+
Kg8 16.Nh3 Qf7 17.Ng5 Qg7 18.Qh4 Rbe8 19.g4 Re7 20.Be2 h5 21.Rdg1 hxg4 22.
fxg4 Nh7 23.Nxh7 Qxh7 24.Qg5 Qg7 25.Rh6 Rf6 26.Rgh1 Ref7 27.b3 b6 28.Kb2 
Na6 29.a3 Nc5 30.b4 Nb7 31.Nd1 axb4 32.axb4 Rf8 33.Ne3 Be8 34.Nf5 gxf5 35.
Rh8+ Kf7 36.R8h7 Rg8 37.gxf5 1/2-1/2

[Event "zonal 2.5 (w)"]
[Site "Asuncion PAR"]
[Date "2009.06.17"]
[Round "10"]
[White "Nejanky, Maisa"]
[Black "Vargas Talavera, Gabriela"]
[Result "1/2-1/2"]
[WhiteElo "2100"]
[BlackElo "2090"]
[EventDate "2009.06.10"]
[PlyCount "128"]

1.e4 e6 2.d4 d5 3.Nc3 Nc6 4.e5 f6 5.exf6 Nxf6 6.Nf3 Bd6 7.Bb5 O-O 8.O-O a6
9.Bxc6 bxc6 10.Re1 c5 11.Bg5 Rb8 12.dxc5 Bxc5 13.a3 Bd7 14.b4 Bd6 15.Nb1 
c5 16.bxc5 Bxc5 17.Be3 Bxe3 18.Rxe3 Ng4 19.Re1 Qb6 20.Qe2 e5 21.h3 e4 22.
hxg4 Bxg4 23.Qe3 exf3 24.Qxb6 Rxb6 25.Nc3 d4 26.Re4 dxc3 27.Rxg4 Rb2 28.
Rc1 Ra2 29.Ra4 Rf6 30.gxf3 Kf7 31.Kf1 Re6 32.Re1 Rxe1+ 33.Kxe1 Rxc2 34.
Rxa6 Ra2 35.Rc6 Rxa3 36.Kd1 Ra2 37.Rxc3 Rxf2 38.Ke1 Ra2 39.Rc6 h6 40.Kf1 
Kg8 41.Rb6 Kh7 42.Kg1 h5 43.Rc6 g6 44.Rb6 Kh6 45.Rb5 h4 46.Rc5 h3 47.Rc8 
h2+ 48.Kh1 Kg5 49.Rc4 Kf5 50.Rh4 g5 51.Rxh2 Ra1+ 52.Kg2 Kf4 53.Rh5 Ra3 54.
Rh3 Ra2+ 55.Kg1 Ra3 56.Kg2 Rb3 57.Rh8 Rb2+ 58.Kh3 Kxf3 59.Rf8+ Ke4 60.Kg4 
Rg2+ 61.Kh3 Rg1 62.Rf7 g4+ 63.Kh2 Rc1 64.Kg3 Rg1+ 1/2-1/2

[Event "zonal 2.5 (w)"]
[Site "Asuncion PAR"]
[Date "2009.06.17"]
[Round "10"]
[White "Perez Canete, Dalila"]
[Black "Fernandez, Maria Florencia"]
[Result "0-1"]
[WhiteElo "1620"]
[BlackElo "2105"]
[EventDate "2009.06.10"]
[PlyCount "78"]

1.d4 Nf6 2.c4 g6 3.Nc3 Bg7 4.e4 d6 5.f4 O-O 6.Nf3 c5 7.d5 e6 8.Be2 exd5 9.
cxd5 Re8 10.Nd2 a6 11.O-O b5 12.Bf3 h5 13.h3 Bh6 14.Ne2 Qb6 15.Kh1 Nbd7 
16.Qc2 a5 17.a4 Ba6 18.b3 c4 19.axb5 cxb3 20.Qxb3 Qxb5 21.Qa3 Qc5 22.Qxa5 
Bxe2 23.Qxc5 Nxc5 24.Rxa8 Rxa8 25.Bxe2 Nfxe4 26.Nxe4 Nxe4 27.Kh2 Nc3 28.
Bf3 Ra4 29.f5 Ra1 30.Bxh6 Rxf1 31.fxg6 fxg6 32.Kg3 Kf7 33.Kh4 Kf6 34.Bg5+ 
Ke5 35.Bh6 Nxd5 36.Bg7+ Ke6 37.Kg5 Kf7 38.Bd4 Ne7 39.h4 Rb1 0-1

[Event "zonal 2.5 (w)"]
[Site "Asuncion PAR"]
[Date "2009.06.18"]
[Round "11"]
[White "Fernandez, Maria Florencia"]
[Black "Avalos, Leticia"]
[Result "1-0"]
[WhiteElo "2105"]
[BlackElo "1670"]
[EventDate "2009.06.10"]
[PlyCount "53"]

1.d4 d5 2.c4 e6 3.Nc3 Nf6 4.Nf3 Be7 5.Bg5 Nbd7 6.e3 b6 7.Rc1 Bb7 8.Bd3 h6 
9.Bh4 O-O 10.O-O Ne4 11.Bxe7 Qxe7 12.a3 a5 13.Nd2 Nxd2 14.Qxd2 dxc4 15.
Bxc4 Qg5 16.f3 Rfd8 17.Qf2 Rac8 18.e4 c6 19.f4 Qe7 20.e5 Rb8 21.f5 exf5 
22.Qxf5 Rf8 23.Ne4 g6 24.Qxg6+ Kh8 25.Qxh6+ Kg8 26.Nf6+ Nxf6 27.exf6 1-0

[Event "zonal 2.5 (w)"]
[Site "Asuncion PAR"]
[Date "2009.06.18"]
[Round "11"]
[White "Lujan, Carolina"]
[Black "Colombo Sere, Camila"]
[Result "1-0"]
[WhiteElo "2324"]
[BlackElo "2090"]
[EventDate "2009.06.10"]
[PlyCount "137"]

1.c4 g6 2.Nc3 Bg7 3.g3 e5 4.Bg2 d6 5.d3 f5 6.e3 Nf6 7.Nge2 O-O 8.O-O Nbd7 
9.Rb1 a6 10.b4 Qe8 11.f4 Rb8 12.a4 Kh8 13.d4 e4 14.d5 Nb6 15.Qb3 Bd7 16.a5
Nc8 17.b5 Ne7 18.h3 c6 19.dxc6 bxc6 20.b6 c5 21.Rd1 Nc6 22.Qa3 Qe6 23.Nd5 
Bc8 24.Nec3 Rd8 25.Bf1 Bb7 26.Bb2 h6 27.Nxf6 Bxf6 28.Nd5 Bxb2 29.Rxb2 Kg8 
30.Rg2 Kf7 31.Be2 Rg8 32.g4 Ne7 33.Kh2 Rbd8 34.Qb3 Nxd5 35.cxd5 Qf6 36.
Rdg1 Ke7 37.Qd1 Ra8 38.Qb3 Rad8 39.Bc4 Kf7 40.Qc2 Ke7 41.Qe2 Ra8 42.Qd2 
Rae8 43.Bb3 Rc8 44.Bc4 Kf7 45.Qc2 Ra8 46.Bb3 Ke7 47.Qc4 Qf7 48.Rd2 h5 49.
Rdg2 hxg4 50.hxg4 Rh8+ 51.Kg3 fxg4 52.Qxe4+ Kd8 53.Kf2 Qf5 54.Qxf5 gxf5 
55.e4 c4 56.Bxc4 Rc8 57.Bd3 Rc5 58.exf5 Bxd5 59.Rxg4 Rxa5 60.f6 Ra2+ 61.
Ke3 Rf8 62.Rb1 Kc8 63.Rg5 Bc6 64.b7+ Bxb7 65.Bf5+ Kb8 66.Rg7 Ra3+ 67.Kd2 
Ra2+ 68.Kd1 Rh8 69.Rbxb7+ 1-0

[Event "zonal 2.5 (w)"]
[Site "Asuncion PAR"]
[Date "2009.06.18"]
[Round "11"]
[White "Quinones Mena, Jeannette"]
[Black "Nejanky, Maisa"]
[Result "0-1"]
[WhiteElo "2020"]
[BlackElo "2100"]
[EventDate "2009.06.10"]
[PlyCount "70"]

1.d4 Nf6 2.c4 c5 3.d5 b5 4.cxb5 a6 5.bxa6 g6 6.b3 Bg7 7.Bb2 Bxa6 8.Nf3 d6 
9.g3 Nbd7 10.Bg2 O-O 11.O-O Nb6 12.Nc3 Nfxd5 13.Nxd5 Bxb2 14.Rb1 Bg7 15.
Re1 Bb7 16.e4 Rxa2 17.Nd2 Bd4 18.Rc1 Nd7 19.Rc2 Ra7 20.Nf3 Bg7 21.Qd2 Ne5 
22.Ra2 Rxa2 23.Qxa2 e6 24.Nxe5 exd5 25.Qa7 Qa8 26.Qxa8 Rxa8 27.Nd3 dxe4 
28.Bxe4 Bxe4 29.Rxe4 Rb8 30.b4 d5 31.Re1 c4 32.Nc5 Bc3 33.Rd1 d4 34.Ne4 
Bb2 35.Nd6 c3 0-1

[Event "zonal 2.5 (w)"]
[Site "Asuncion PAR"]
[Date "2009.06.18"]
[Round "11"]
[White "Zuriel, Marisa"]
[Black "Perez Canete, Dalila"]
[Result "1-0"]
[WhiteElo "2201"]
[BlackElo "1620"]
[EventDate "2009.06.10"]
[PlyCount "39"]

1.e4 e6 2.d4 d5 3.Nc3 Nf6 4.e5 Nfd7 5.f4 c5 6.Nf3 Nc6 7.Be3 cxd4 8.Nxd4 
Be7 9.Qd2 Nb6 10.Bd3 Bd7 11.O-O Nxd4 12.Bxd4 h5 13.Kh1 h4 14.h3 Qc7 15.f5 
O-O-O 16.fxe6 fxe6 17.Rf7 Bc5 18.Nb5 Qb8 19.Bxc5 Qxe5 20.Bd6 1-0